[Event "AUTO-OPEN-4621"]
[Site "http://www.queenalice.com/game.php?id=1864840"]
[Date "2025.10.28"]
[Round "1"]
[White "pomar"]
[Black "rmvwoods"]
[Result "0-1"]
[WhiteElo "1907"]
[BlackElo "2108"]

1. f3 e5 2. Kf2 d5 3. e3 Bc5 4. g3 d4 5. Be2 Nf6 6. Kg2 b6 7. Nh3 Qd7 8. Nf2 Bb7
9. Nd3 Bd6 10. e4 O-O 11. Rf1 c5 12. f4 Bxe4+ 13. Kg1 Qh3 14. Bf3 Nbd7 15. fxe5
Ng4 16. Qe2 Bxf3 17. Rxf3 Ndxe5 18. Nxe5 Rfe8 19. Qg2 Qxg2+ 20. Kxg2 Rxe5 21. h3
Nf6 22. d3 Re2+ 23. Rf2 Rae8 24. Na3 Nh5 25. Kf3 Rxf2+ 26. Kxf2 Bxg3+ 27. Kf3
Re1 28. b3 g6 29. Bb2 Rxa1 30. Bxa1 f5 31. c3 dxc3 32. Bxc3 Kf7 33. Nb5 a6 34.
Na7 Ke6 35. Nc8 Bc7 36. d4 cxd4 37. Bxd4 b5 38. Na7 Nf6 39. Nc6 Nd5 40. Bf2 g5
41. Nd4+ Kf6 42. a4 bxa4 43. bxa4 Nc3 44. Nc6 Nxa4 45. Nb4 Kg6 46. Nxa6 Bb6 47.
Nb4 Bxf2 48. Kxf2 h5 49. Nd5 g4 50. Kg3 Nc5 51. h4 Nd3 52. Ne7+ Kf6 53. Nd5+ Kf7
54. Nf4 Nxf4 55. Kxf4 Kf6 56. Kg3 Ke5 57. Kg2 Ke4 0-1

[Event "AUTO-ADV-4901"]
[Site "http://www.queenalice.com/game.php?id=1864909"]
[Date "2025.10.29"]
[Round "1"]
[White "pomar"]
[Black "matamuff"]
[Result "0-1"]
[WhiteElo "1893"]
[BlackElo "1857"]

1. f3 g6 2. Kf2 Bg7 3. e3 c5 4. c4 Nc6 5. Nc3 a6 6. Nge2 Nf6 7. g3 d6 8. a3 Bd7
9. Bg2 O-O 10. d4 cxd4 11. exd4 Rb8 12. b4 Qc8 13. Re1 Bh3 14. g4 Bxg2 15. Kxg2
h5 16. gxh5 Nxh5 17. Bb2 Qf5 18. h4 Bf6 19. Ng3 Nxg3 20. Kxg3 Kg7 21. Ne4 Rh8
22. Nxf6 exf6 23. f4 Rxh4 24. Kxh4 Rh8+ 25. Kg3 Qh3+ 26. Kf2 Qh2+ 27. Kf3 Rh3+
28. Ke4 Qg2+ 0-1

[Event "AUTO-ADV-4901"]
[Site "http://www.queenalice.com/game.php?id=1864910"]
[Date "2025.10.29"]
[Round "1"]
[White "matamuff"]
[Black "pomar"]
[Result "0-1"]
[WhiteElo "1866"]
[BlackElo "1878"]

1. Na3 e6 2. b3 d5 3. Nf3 c5 4. Bb2 Nc6 5. c3 Nf6 6. Nc2 Qb6 7. e3 c4 8. b4 a5
9. a3 axb4 10. axb4 Rxa1 11. Qxa1 Be7 12. Ncd4 e5 13. Ne2 O-O 14. Ng3 e4 15. Nd4
Ne5 16. Be2 Nd3+ 17. Bxd3 exd3 18. O-O Ne4 19. Nxe4 dxe4 20. Qa5 Qg6 21. Kh1 Bd6
22. f4 exf3 23. Rxf3 Bg4 24. Rf2 Qh6 25. g3 Bxg3 26. Rg2 Qh3 27. Qg5 h6 28. Qd5
Bxh2 29. Qxb7 Bf4+ 30. Kg1 Bxe3+ 31. Kf1 Qh1+ 0-1

[Event "AUTO-ADV-4901"]
[Site "http://www.queenalice.com/game.php?id=1864913"]
[Date "2025.10.29"]
[Round "1"]
[White "pomar"]
[Black "Capixabba789"]
[Result "1/2-1/2"]
[WhiteElo "1892"]
[BlackElo "1910"]

1. f3 e5 2. Kf2 d5 3. e3 f5 4. g3 Nf6 5. d4 e4 6. c4 Be7 7. Nc3 O-O 8. Qb3 Kh8
9. cxd5 exf3 10. Nxf3 Ne4+ 11. Kg2 a5 12. Bc4 Na6 13. a3 Bd6 14. Rf1 b6 15. Nd2
Bb7 16. Ndxe4 fxe4 17. Nxe4 Nb8 18. Bd2 Nd7 19. Bb5 Nf6 20. Nxf6 Rxf6 21. Bc6
Rb8 22. Bxa5 Bxc6 23. dxc6 bxa5 24. Qc3 Rxf1 25. Rxf1 Qg5 26. e4 h5 27. Rf5 Qg4
28. Qf3 Qxf3+ 29. Kxf3 Rxb2 30. Rxh5+ Kg8 31. h4 Bxa3 32. Rxa5 Rb3+ 33. Kg4 Bb2
34. d5 Be5 35. Kf5 Bxg3 36. Kg6 Rb8 37. Ra7 Re8 38. h5 Bd6 39. h6 gxh6 40. Kxh6
Rxe4 41. Kg6 Rd4 42. Ra8+ Bf8 43. Rd8 Rd3 44. Rd7 Bd6 45. Rd8+ Bf8 46. Rd7 Bd6
47. Rd8+ Bf8 48. Rd7 1/2-1/2

[Event "AUTO-ADV-4901"]
[Site "http://www.queenalice.com/game.php?id=1864914"]
[Date "2025.10.29"]
[Round "1"]
[White "Capixabba789"]
[Black "pomar"]
[Result "0-1"]
[WhiteElo "1941"]
[BlackElo "1873"]

1. d4 e6 2. c4 d5 3. cxd5 exd5 4. Nc3 Bb4 5. Bd2 Ne7 6. f4 O-O 7. Nf3 Bg4 8. Qc2
Nbc6 9. h3 Bxf3 10. exf3 Nxd4 11. Qd3 Ndc6 12. O-O-O Qd6 13. Kb1 a6 14. g3 b5
15. Bg2 Na5 16. g4 Ng6 17. Nxd5 Bxd2 18. Qxd2 Nc4 19. Qc1 Rad8 20. g5 Qc5 21.
Nc3 Qf2 22. Rhg1 Ne3 23. Rxd8 Rxd8 24. Ne4 Qe2 25. Bh1 Qd3+ 26. Ka1 Nc2+ 27. Kb1
Nb4+ 28. Ka1 Nxf4 29. Qxc7 Qd1+ 30. Qc1 Nc2+ 31. Kb1 Qxc1+ 32. Rxc1 Ne2 33. Kxc2
Rc8+ 34. Nc3 Nxc1 35. Kxc1 b4 36. Kc2 f6 37. gxf6 gxf6 38. f4 Kg7 39. Bb7 Rc7
40. Bxa6 h5 41. Kb3 bxc3 42. bxc3 h4 43. Bc4 Re7 44. a4 Re3 45. Be6 Rxe6 0-1

[Event "AUTO-OPEN-4627"]
[Site "http://www.queenalice.com/game.php?id=1866265"]
[Date "2025.11.28"]
[Round "1"]
[White "pomar"]
[Black "chessman"]
[Result "1-0"]
[WhiteElo "1908"]
[BlackElo "2091"]

1. f3 d5 2. Kf2 e5 3. e3 Bd6 4. g3 Nf6 5. d4 O-O 6. Bh3 e4 7. Kg2 exf3+ 8. Qxf3
Ne4 9. Bxc8 Qxc8 10. Nh3 c6 11. Nd2 f5 12. Rf1 Na6 13. Nf4 g5 14. Nh5 h6 15. Qe2
Qe8 16. a3 Nc7 17. Nxe4 dxe4 18. Bd2 Nd5 19. c4 Ne7 20. b4 Ng6 21. h3 Kh7 22.
Bc3 Be7 23. Rad1 Rd8 24. d5 cxd5 25. cxd5 Bd6 26. Nf6+ Rxf6 27. Bxf6 f4 28. Qg4
f3+ 29. Kf2 Rc8 30. Rc1 Rb8 31. Rc4 Ne5 32. Qxe4+ Qg6 33. Bxe5 Qxe4 34. Rxe4 Re8
35. Kxf3 1-0

[Event "AUTO-OPEN-4627"]
[Site "http://www.queenalice.com/game.php?id=1866266"]
[Date "2025.11.28"]
[Round "1"]
[White "chessman"]
[Black "pomar"]
[Result "1-0"]
[WhiteElo "2060"]
[BlackElo "1892"]

1. e4 e6 2. d4 d5 3. e5 c5 4. c3 Qb6 5. f4 Nc6 6. Nf3 cxd4 7. cxd4 Bb4+ 8. Nc3
Nge7 9. Bd3 Bd7 10. Bc2 O-O 11. Be3 Ba5 12. Bxh7+ Kxh7 13. Ng5+ Kg6 14. O-O Qxb2
15. Qg4 Bxc3 16. Ne4+ Kh7 17. Qh5+ Kg8 18. Ng5 Rfc8 19. Qxf7+ Kh8 20. Qh5+ Kg8
21. f5 Bxd4 22. Qh7+ Kf8 23. fxe6+ Ke8 24. Qh8+ Ng8 25. Qxg8+ Ke7 26. Qxg7+ Kd8
27. Qxd7# 1-0

[Event "AUTO-OPEN-4627"]
[Site "http://www.queenalice.com/game.php?id=1866267"]
[Date "2025.11.28"]
[Round "1"]
[White "pomar"]
[Black "jpribeiro"]
[Result "1-0"]
[WhiteElo "1904"]
[BlackElo "1278"]

1. f3 e5 2. Kf2 Bc5+ 3. e3 Nc6 4. c4 Nf6 5. Nc3 d5 6. cxd5 Nxd5 7. Qb3 Nb6 8. g3
Be6 9. Qb5 Bb4 10. a3 Bxc3 11. bxc3 a6 12. Qb1 O-O 13. Bh3 f5 14. Ne2 Qf6 15.
Kg2 1-0

[Event "AUTO-OPEN-4627"]
[Site "http://www.queenalice.com/game.php?id=1866268"]
[Date "2025.11.28"]
[Round "1"]
[White "jpribeiro"]
[Black "pomar"]
[Result "0-1"]
[WhiteElo "1276"]
[BlackElo "1906"]

1. e4 e6 2. d4 d5 3. Nc3 Bb4 4. Bd2 Bxc3 5. Bxc3 dxe4 6. Qg4 g6 7. O-O-O f5 8.
Qf4 Nf6 9. d5 Nxd5 10. Qe5 Rg8 11. Bd2 Nc6 12. Bb5 Bd7 13. Bxc6 bxc6 0-1

[Event "AUTO-ADV-4906"]
[Site "http://www.queenalice.com/game.php?id=1866391"]
[Date "2025.11.29"]
[Round "1"]
[White "mvson33"]
[Black "pomar"]
[Result "1-0"]
[WhiteElo "1939"]
[BlackElo "1936"]

1. e4 e6 2. d4 d5 3. exd5 Qxd5 4. Nf3 Nc6 5. c3 Nf6 6. Be2 Bd6 7. O-O Ng4 8. Bg5
Nxh2 9. Nxh2 Bxh2+ 10. Kxh2 Qxg5 11. Nd2 Qh4+ 12. Kg1 e5 13. Nf3 Qh6 14. dxe5
O-O 15. Qc2 Qf4 16. Rad1 Nxe5 17. Nxe5 Qxe5 18. Qd2 Be6 19. a3 Bb3 20. Rde1 Rad8
21. Qc1 Qf6 22. Bd1 Rxd1 23. Rxd1 Bxd1 24. Rxd1 Rd8 25. Re1 h6 26. Rd1 Rxd1+ 27.
Qxd1 Qb6 28. Qd2 f6 29. Qd8+ Kf7 30. Qd7+ Kf8 31. Qd2 h5 32. Kf1 Qb5+ 33. Kg1
Qb6 34. Qd8+ Kf7 35. Qd7+ Kg6 36. Qd3+ f5 37. Qe2 Kg5 38. Qd2+ Kf6 39. Kf1 g5
40. Qe2 h4 41. Qc2 g4 42. Qe2 Qc6 43. Qe3 b6 44. Qh6+ 1-0

[Event "AUTO-ADV-4906"]
[Site "http://www.queenalice.com/game.php?id=1866392"]
[Date "2025.11.29"]
[Round "1"]
[White "pomar"]
[Black "mvson33"]
[Result "1-0"]
[WhiteElo "1918"]
[BlackElo "1960"]

1. f3 e5 2. Kf2 Bc5+ 3. e3 Nf6 4. c4 O-O 5. d4 exd4 6. exd4 Be7 7. Nc3 Re8 8.
Bd3 d6 9. Nge2 Nc6 10. a3 Bd7 11. Re1 Qc8 12. b4 Bf5 13. Qc2 Bxd3 14. Qxd3 Qd7
15. Kg1 Rad8 16. Bb2 d5 17. cxd5 Nxd5 18. Nxd5 Qxd5 19. Nf4 Qd7 20. d5 Nb8 21.
Bxg7 Kxg7 22. Nh5+ Kh8 23. Qd4+ f6 24. Nxf6 Bxf6 25. Qxf6+ Kg8 26. Rxe8+ Rxe8
27. Qg5+ Qg7 28. Qxg7+ Kxg7 29. Kf2 Re5 30. Rd1 Nd7 31. f4 Rf5 32. Ke3 Nb6 33.
Ke4 Rf6 34. g4 Rd6 35. h4 c6 36. Ke5 Rxd5+ 37. Rxd5 Nxd5 38. h5 Ne3 39. g5 Nc2
40. f5 Nxa3 41. Ke6 Nc2 42. Ke7 1-0

[Event "AUTO-MASTER-3290"]
[Site "http://www.queenalice.com/game.php?id=1866518"]
[Date "2025.12.4"]
[Round "1"]
[White "pomar"]
[Black "Capixabba789"]
[Result "0-1"]
[WhiteElo "1933"]
[BlackElo "1842"]

1. f3 d5 2. Kf2 e5 3. e3 f5 4. d4 e4 5. c4 Nf6 6. Qb3 Be7 7. Nc3 Nc6 8. cxd5 Nb8
9. Bc4 exf3 10. Nxf3 Bd6 11. Ne5 Qe7 12. Bb5+ Nbd7 13. Nxd7 Nxd7 14. g3 O-O 15.
Rf1 Nf6 16. Kg2 a6 17. Be2 b5 18. Bf3 Bb7 19. Bd2 b4 20. Na4 a5 21. Rac1 Ne4 22.
Bxe4 fxe4 23. Qc4 Kh8 24. Qb5 Rxf1 25. Rxf1 Ba6 26. Qc6 Bxf1+ 27. Kxf1 Rf8+ 28.
Kg1 Qf6 29. Qc1 Qf2+ 30. Kh1 Qf3+ 31. Kg1 Qf2+ 32. Kh1 Qe2 33. Kg1 Rf2 34. Qe1
Rg2+ 35. Kh1 Rxh2+ 36. Kg1 Qg2# 0-1

[Event "AUTO-MASTER-3290"]
[Site "http://www.queenalice.com/game.php?id=1866519"]
[Date "2025.12.4"]
[Round "1"]
[White "Capixabba789"]
[Black "pomar"]
[Result "0-1"]
[WhiteElo "1855"]
[BlackElo "1920"]

1. d4 e6 2. e4 d5 3. e5 c5 4. c3 Qb6 5. Nf3 Nc6 6. Be2 cxd4 7. Nxd4 Nxe5 8. O-O
Bc5 9. a4 Nc6 10. Nxc6 bxc6 11. Na3 Nf6 12. Nc2 O-O 13. b3 Ne4 14. a5 Bxf2+ 15.
Kh1 Qc7 16. Qd3 Bc5 17. Be3 Qe5 18. Nd4 Qd6 19. b4 Bxd4 20. Bxd4 c5 21. bxc5
Nxc5 22. Qf3 Bb7 23. Qg4 e5 24. Be3 Rac8 25. Rab1 Bc6 26. Rf2 Ne4 27. Rff1 Nxc3
28. Rbc1 d4 29. Bg5 Nxe2 30. Rcd1 Qg6 31. Qxe2 Qxg5 32. Rg1 Rfd8 33. h3 d3 34.
Rxd3 e4 35. Rxd8+ Rxd8 0-1

[Event "AUTO-MASTER-3290"]
[Site "http://www.queenalice.com/game.php?id=1866520"]
[Date "2025.12.4"]
[Round "1"]
[White "pomar"]
[Black "WHUSIRO"]
[Result "1/2-1/2"]
[WhiteElo "1913"]
[BlackElo "2043"]

1. f3 e5 2. Kf2 d5 3. e3 d4 4. d3 Bc5 5. e4 Nf6 6. g3 h6 7. Bh3 Be6 8. Bxe6 fxe6
9. Kg2 Nbd7 10. Nd2 O-O 11. Nh3 a5 12. Nb3 b5 13. Rf1 Be7 14. f4 a4 15. Nd2 c5
16. Nf3 Bd6 17. fxe5 Nxe5 18. Nf4 Qe8 19. c3 Nxf3 20. Rxf3 Bxf4 21. Bxf4 e5 22.
Bd2 Qe6 23. Rf5 g6 24. Rf1 g5 25. h3 Ra7 26. a3 Raf7 27. c4 Qb6 28. b4 axb3 29.
Qxb3 Rb8 30. Rf2 Kg7 31. Raf1 bxc4 32. Qxb6 Rxb6 33. dxc4 Rbb7 34. a4 Nxe4 35.
Rxf7+ Rxf7 36. Rxf7+ Kxf7 37. Be1 Nd6 38. Kf3 Nxc4 39. Ke4 Ke6 40. a5 Nd6+ 41.
Kf3 c4 42. a6 Nb5 43. g4 Kd5 44. Bb4 c3 45. Ke2 e4 46. Bf8 c2 47. Kd2 d3 48.
Bxh6 Kc4 49. Bxg5 Kb3 50. Kc1 Kc4 51. Be3 Kd5 52. h4 Nc7 53. a7 Ke6 54. Bf4 Na8
55. h5 Kf7 56. h6 Kg6 57. g5 Kh7 58. Kd2 Kg6 59. Be3 Nc7 60. Bb6 Na8 61. Ba5 e3+
62. Kc1 Kh7 63. Bd8 e2 64. Ba5 Kg6 65. Be1 Kh7 66. Bf2 1/2-1/2

[Event "AUTO-MASTER-3290"]
[Site "http://www.queenalice.com/game.php?id=1866521"]
[Date "2025.12.4"]
[Round "1"]
[White "WHUSIRO"]
[Black "pomar"]
[Result "0-1"]
[WhiteElo "2014"]
[BlackElo "1883"]

1. e4 e6 2. d4 d5 3. exd5 Qxd5 4. Nf3 Nc6 5. c3 h6 6. Be2 Nf6 7. c4 Qe4 8. Nc3
Qg6 9. O-O Bd6 10. Be3 Ng4 11. c5 Be7 12. Bd3 Qh5 13. h3 Nxe3 14. fxe3 O-O 15.
a3 a6 16. Be2 Qg6 17. Bd3 f5 18. Qc2 Qf6 19. Nh2 Qg5 20. Qf2 Bf6 21. Nf3 Qh5 22.
Be2 Qg6 23. Rad1 Bd7 24. b4 b5 25. cxb6 cxb6 26. Na4 Nxd4 27. Nxb6 Nxe2+ 28.
Qxe2 Bb5 29. Nc4 Rac8 30. Rc1 Qf7 31. Rc2 Qc7 32. Rfc1 Qa7 33. Kh1 Rc7 34. Qe1
Rfc8 35. Qd2 Rxc4 36. Rxc4 Rxc4 37. Rxc4 Bxc4 0-1

[Event "AUTO-OPEN-4526"]
[Site "http://www.queenalice.com/game.php?id=1867338"]
[Date "2025.12.23"]
[Round "2"]
[White "pomar"]
[Black "Shizumaru_Hisame"]
[Result "0-1"]
[WhiteElo "1933"]
[BlackElo "1971"]

1. f3 e5 2. Kf2 f5 3. e3 b6 4. c4 Bb7 5. Nc3 Bc5 6. d4 exd4 7. exd4 Qh4+ 8. g3
Bxd4+ 9. Kg2 Qf6 10. Nge2 Bc5 11. Nf4 Ne7 12. Bd3 Na6 13. a3 O-O-O 14. Re1 g5
15. Nh3 g4 16. Bg5 gxh3+ 17. Kxh3 Qxg5 18. b4 Bd4 19. Qc2 Bxf3 20. Rxe7 Qh5# 0-1

[Event "AUTO-OPEN-4526"]
[Site "http://www.queenalice.com/game.php?id=1867339"]
[Date "2025.12.23"]
[Round "2"]
[White "Shizumaru_Hisame"]
[Black "pomar"]
[Result "1-0"]
[WhiteElo "2000"]
[BlackElo "1906"]

1. d4 e6 2. e4 d5 3. exd5 exd5 4. h3 c5 5. Nf3 Nc6 6. Bb5 Qa5+ 7. Nc3 Bd7 8. Be2
cxd4 9. Nxd4 Bc5 10. Nb3 Qb6 11. Nxc5 Qxc5 12. Nxd5 Nb4 13. c4 Rd8 14. Be3 Qa5
15. O-O Bc6 16. Bd4 f6 17. Nf4 Ne7 18. Ne6 Rd6 19. Nxg7+ Kf7 20. Nh5 Qg5 21. Ng3
Nf5 22. Bxf6 Qxf6 23. Bh5+ Kg7 24. Nxf5+ Qxf5 25. Qxd6 Nc2 26. Qe7+ Kh6 27. Bg4
Qf4 28. Rad1 Qxc4 29. Qf6# 1-0

[Event "Challenge"]
[Site "http://www.queenalice.com/game.php?id=1867713"]
[Date "2026.1.8"]
[Round "-"]
[White "gizmokaka"]
[Black "pomar"]
[Result "1-0"]
[WhiteElo "2826"]
[BlackElo "1935"]

1. c4 c6 2. d4 d5 3. Nf3 dxc4 4. e3 b5 5. a4 a6 6. b3 cxb3 7. axb5 Qb6 8. Qxb3
Be6 9. Qa4 Nf6 10. Ne5 cxb5 11. Bxb5+ axb5 12. Qxa8 Bd5 13. Qa7 Qd8 14. Nc3 Nfd7
15. Nxd5 e6 16. Nc7+ Ke7 17. Qb7 Nxe5 18. dxe5 f6 19. Nxb5+ Ke8 20. Ra7 Be7 21.
Nd6+ Kf8 22. Ke2 fxe5 23. Rd1 g5 24. Qf3+ Bf6 25. Qh5 Qb6 26. Qf7# 1-0

[Event "Challenge"]
[Site "http://www.queenalice.com/game.php?id=1867714"]
[Date "2026.1.8"]
[Round "-"]
[White "pomar"]
[Black "gizmokaka"]
[Result "0-1"]
[WhiteElo "1937"]
[BlackElo "2825"]

1. f3 e5 2. Kf2 d5 3. e3 Bd6 4. g3 Nf6 5. d4 c5 6. dxe5 Bxe5 7. Bh3 Nc6 8. Kg2
O-O 9. Bxc8 Qxc8 10. Nh3 b5 11. Re1 Qb7 12. Nf2 Rad8 13. f4 Bc7 14. Qf3 Rfe8 15.
Bd2 b4 16. c3 h5 17. cxb4 cxb4 18. a3 Qa6 19. e4 dxe4 20. Nxe4 Nxe4 21. Rxe4 Nd4
22. Rxe8+ Rxe8 23. Qd5 Re2+ 24. Kh3 Qc8+ 25. Kh4 Qg4# 0-1